[Event "V Floripa Chess Open 2019"]
[Site "Florianopolis/SC"]
[Date "2019.01.26"]
[Round "8.177"]
[White "Ferreira, Mateus Benedito Mar"]
[Black "Cordeiro, Yan Henrique"]
[Result "1-0"]
[WhiteElo "1810"]
[BlackElo "1631"]
[PlyCount "60"]
[EventDate "2019.01.21"]
[EventRounds "10"]
[EventCountry "BRA"]

1. e4 e6 2. d4 d5 3. Nd2 Nf6 4. e5 Nfd7 5. f4 c5 6. c3 Nc6 7. Ngf3 Qb6 8. Qb3 cxd4 9. Qxb6 Nxb6 10. Nxd4 Bc5 11. Nxc6 bxc6 12. Nb3 Be7 13. Be3 Nd7 14. O-O-O a6 15. Be2 c5 16. Bf3 Ra7 17. f5 Nxe5 18. Nxc5 Nxf3 19. gxf3 Rc7 20. b4 O-O 21. Bf4 Rc6 22. Be5 Rd8 23. fxe6 fxe6 24. Rhg1 g6 25. Bd4 Kf7 26. Nd3 Bf6 27. Ne5+ Bxe5 28. Bxe5 Bb7 29. f4 h6 30. Kb2 a5 1-0

[Event "V Floripa Chess Open 2019"]
[Site "Florianopolis/SC"]
[Date "2019.01.26"]
[Round "8.180"]
[White "Ramirez Brizuela, Juan Bartolome"]
[Black "Scardini, Leonardo"]
[Result "1-0"]
[WhiteElo "1582"]
[BlackElo "1294"]
[PlyCount "87"]
[EventDate "2019.01.21"]
[EventRounds "10"]
[EventCountry "BRA"]

1. g3 Nf6 2. Bg2 d5 3. Nf3 c5 4. O-O Nc6 5. d3 e5 6. Nbd2 Bd6 7. e4 d4 8. Nc4 b5 9. Nxd6+ Qxd6 10. Nh4 g6 11. Bd2 h6 12. Qe2 Ba6 13. b3 c4 14. bxc4 bxc4 15. f4 cxd3 16. cxd3 Rc8 17. Bh3 Rb8 18. Rab1 O-O 19. Rfc1 Rxb1 20. Rxb1 Qa3 21. Bf1 Qxa2 22. Qe1 Bc8 23. Ra1 Qb2 24. Rb1 Qa2 25. Qc1 Ng4 26. Ra1 Qe6 27. f5 gxf5 28. Nxf5 Kh7 29. h3 Ne3 30. Bxe3 dxe3 31. Qxe3 Rg8 32. Kh2 Qg6 33. g4 h5 34. Be2 Nd4 35. Ne7 Nc2 36. Qd2 Qe6 37. Nxg8 Nxa1 38. Qg5 Qg6 39. Nf6+ Kg7 40. Nxh5+ Kh7 41. Qxe5 Nb3 42. Nf6+ Kh6 43. h4 a5 44. g5+ 1-0

[Event "V Floripa Chess Open 2019"]
[Site "Florianopolis/SC"]
[Date "2019.01.26"]
[Round "8.181"]
[White "Germano, Paulo Roberto"]
[Black "Mendes, Ana Beatriz Dias Gu"]
[Result "0-1"]
[WhiteElo "1566"]
[BlackElo "1233"]
[PlyCount "38"]
[EventDate "2019.01.21"]
[EventRounds "10"]
[EventCountry "BRA"]

1. e4 e5 2. f4 d6 3. Nf3 Nc6 4. Bc4 Be7 5. O-O Nf6 6. d3 O-O 7. c3 exf4 8. Bxf4 Be6 9. Bxe6 fxe6 10. Bg5 Ng4 11. Bxe7 Qxe7 12. Qe2 Nce5 13. Nbd2 Ng6 14. Nd4 N4e5 15. N2f3 Nf4 16. Qd2 Nfxd3 17. g3 c5 18. Nxe5 Nxe5 19. Nf3 Nxf3+ 0-1

[Event "V Floripa Chess Open 2019"]
[Site "Florianopolis/SC"]
[Date "2019.01.26"]
[Round "8.182"]
[White "Vidal, Yuri Vinicius Sevul"]
[Black "Santos, Gildemar De Oliveir"]
[Result "0-1"]
[WhiteElo "1800"]
[BlackElo "1566"]
[PlyCount "44"]
[EventDate "2019.01.21"]
[EventRounds "10"]
[EventCountry "BRA"]

1. e4 c6 2. Nf3 d5 3. exd5 cxd5 4. d4 Nf6 5. Bd2 Bf5 6. Nc3 e6 7. Bb5+ Nbd7 8. Ne5 a6 9. Nxd7 Nxd7 10. Bxd7+ Qxd7 11. O-O Bd6 12. f4 h6 13. b3 Rc8 14. Na4 Qc7 15. c3 b5 16. Nb2 Be4 17. Qe2 Qa7 18. c4 Be7 19. a4 Bf6 20. Bc3 b4 21. Bxb4 Bxd4+ 22. Kh1 a5 0-1

[Event "V Floripa Chess Open 2019"]
[Site "Florianopolis/SC"]
[Date "2019.01.26"]
[Round "8.183"]
[White "Albiero, Marco Antonio Batis"]
[Black "Albuquerque, Jefferson G. Souza"]
[Result "1-0"]
[WhiteElo "1565"]
[BlackElo "1811"]
[PlyCount "70"]
[EventDate "2019.01.21"]
[EventRounds "10"]
[EventCountry "BRA"]

1. e4 c5 2. Nf3 d6 3. d4 cxd4 4. Nxd4 Nf6 5. Nc3 a6 6. Be2 h6 7. Be3 e5 8. Nb3 Nc6 9. O-O Be7 10. f4 O-O 11. Qe1 Nb4 12. Rc1 Bg4 13. fxe5 Bxe2 14. Qxe2 Nh7 15. exd6 Qxd6 16. Nd5 Nxd5 17. exd5 Rad8 18. Bc5 Qc7 19. Qxe7 Rd7 20. d6 Qc6 21. Qe5 b6 22. Bd4 f6 23. Qg3 Rxd6 24. Bc3 Ng5 25. Bb4 Ne4 26. Qf3 Nc5 27. Qxc6 Rxc6 28. Nxc5 bxc5 29. Bc3 Rb6 30. Rf5 Re8 31. Rxc5 Ree6 32. Rd1 Re2 33. Rd2 Re1+ 34. Kf2 Re5 35. Rcd5 Re8 1-0

[Event "V Floripa Chess Open 2019"]
[Site "Florianopolis/SC"]
[Date "2019.01.26"]
[Round "8.184"]
[White "Japiassu, Glauco Antonio Beze"]
[Black "Neumann, Jose Verner"]
[Result "1/2-1/2"]
[WhiteElo "1558"]
[BlackElo "1758"]
[PlyCount "63"]
[EventDate "2019.01.21"]
[EventRounds "10"]
[EventCountry "BRA"]

1. d4 Nf6 2. Bf4 c6 3. c3 g6 4. Nd2 d6 5. Ngf3 Bg7 6. e3 Nbd7 7. Bd3 Qc7 8. h3 e5 9. Bh2 O-O 10. O-O Re8 11. Qc2 b5 12. dxe5 dxe5 13. b4 a5 14. a3 Bb7 15. Ne4 Nxe4 16. Bxe4 Qc8 17. Nd2 c5 18. Bxb7 Qxb7 19. Ne4 Qc6 20. Rac1 f5 21. Nd2 e4 22. Rfd1 c4 23. Nb1 Be5 24. Qd2 Bxh2+ 25. Kxh2 Qc7+ 26. Qd6 Qxd6+ 27. Rxd6 Ne5 28. Rb6 Nd3 29. Rc2 axb4 30. cxb4 Rab8 31. Rxb8 Rxb8 32. Nc3 1/2-1/2

[Event "V Floripa Chess Open 2019"]
[Site "Florianopolis/SC"]
[Date "2019.01.26"]
[Round "8.186"]
[White "Sarda, Pedro Sada"]
[Black "Ferraz, Joao Vitor Koenig"]
[Result "1/2-1/2"]
[WhiteElo "1539"]
[BlackElo "1711"]
[PlyCount "65"]
[EventDate "2019.01.21"]
[EventRounds "10"]
[EventCountry "BRA"]

1. d4 Nf6 2. Nf3 e6 3. Bg5 Bb4+ 4. c3 Be7 5. Nbd2 O-O 6. e4 d6 7. Bd3 c5 8. Qc2 h6 9. Bxf6 Bxf6 10. e5 dxe5 11. dxe5 Bg5 12. Ne4 Be7 13. Rd1 Qc7 14. Qe2 Nd7 15. Ng3 b6 16. Qe4 f5 17. exf6 Nxf6 18. Qg6 Bb7 19. O-O Bxf3 20. gxf3 Qf4 21. Nh5 Nxh5 22. Qxh5 Qg5+ 23. Qxg5 Bxg5 24. Bc4 Rae8 25. Rfe1 Rf6 26. Rd6 Kf7 27. Kg2 Bf4 28. Rd7+ Re7 29. Red1 Rf5 30. Rxe7+ Kxe7 31. h3 Rg5+ 32. Kh1 Rh5 33. Kg2 1/2-1/2

[Event "V Floripa Chess Open 2019"]
[Site "Florianopolis/SC"]
[Date "2019.01.26"]
[Round "9.1"]
[White "Felgaer, Ruben"]
[Black "Granda Zuniga, Julio E"]
[Result "0-1"]
[WhiteElo "2567"]
[BlackElo "2641"]
[Annotator "TA"]
[PlyCount "89"]
[EventDate "2019.01.21"]
[EventRounds "10"]
[EventCountry "BRA"]

1. e4 c6 2. Nc3 d5 3. Nf3 Bg4 4. h3 Bxf3 5. Qxf3 Nf6 6. d4 e6 7. Bd3 dxe4 8. Nxe4 Qxd4 9. Be3 Qe5 10. O-O-O Nd5 11. Bd2 g6 12. Rde1 Bg7 13. c3 Nd7 14. h4 Qc7 15. Bc2 Ne5 16. Qe2 b5 17. b3 O-O-O 18. h5 Nd7 19. Qf3 N7b6 20. g3 Qe7 21. Kb1 f5 22. Ng5 e5 23. g4 Bf6 24. Nxh7 Rxh7 25. hxg6 Rxh1 26. Qxf5+ Kb8 27. Rxh1 e4 28. Qxe4 Qc5 29. Rh3 Qxf2 30. Rd3 Qf1+ 31. Qe1 Qxe1+ 32. Bxe1 Rh8 33. g5 Bxg5 34. Bg3+ Kb7 35. Be5 Bf6 36. Bxf6 Nxf6 37. Rd6 Nbd7 38. a4 bxa4 39. b4 Kc7 40. Rd2 Nb6 41. Rf2 Nfd5 42. g7 Rh1+ 43. Ka2 Rg1 44. Rf7+ Kd6 45. Ka3 0-1

[Event "V Floripa Chess Open 2019"]
[Site "Florianopolis/SC"]
[Date "2019.01.26"]
[Round "9.2"]
[White "Hoffman, Alejandro"]
[Black "Fier, Alexandr"]
[Result "0-1"]
[WhiteElo "2454"]
[BlackElo "2540"]
[PlyCount "86"]
[EventDate "2019.01.21"]
[EventRounds "10"]
[EventCountry "BRA"]

1. d4 Nf6 2. c4 e6 3. Nc3 Bb4 4. e3 O-O 5. Bd3 c5 6. Nge2 cxd4 7. exd4 d5 8. a3 Be7 9. O-O dxc4 10. Bxc4 Nbd7 11. Qd3 Nb6 12. Ba2 Bd7 13. Bg5 Bc6 14. Rad1 Nfd5 15. Bc1 Rc8 16. Rfe1 Nxc3 17. Nxc3 Nd5 18. Ne4 Qb6 19. Bb1 g6 20. Qh3 Ba4 21. Rd2 Qc7 22. Nc3 Nxc3 23. bxc3 Qxc3 24. Qxc3 Rxc3 25. Bb2 Rc7 26. d5 exd5 27. Rxd5 Bb3 28. Rd3 Be6 29. h3 Rfc8 30. Rdd1 Kf8 31. Be4 b6 32. g4 Rd7 33. Rxd7 Bxd7 34. Bd5 Rc5 35. Bb3 Be6 36. Bxe6 fxe6 37. Rxe6 Rc2 38. Bd4 Bxa3 39. Re3 Bc5 40. Rf3+ Ke7 41. Bg7 a5 42. h4 Rc4 43. g5 Rxh4 0-1

[Event "V Floripa Chess Open 2019"]
[Site "Florianopolis/SC"]
[Date "2019.01.26"]
[Round "9.4"]
[White "Supi, Luis Paulo"]
[Black "Almiron, Antonio"]
[Result "1-0"]
[WhiteElo "2546"]
[BlackElo "2392"]
[PlyCount "55"]
[EventDate "2019.01.21"]
[EventRounds "10"]
[EventCountry "BRA"]

1. c4 c6 2. Nf3 d5 3. d4 Nf6 4. e3 e6 5. b3 Nbd7 6. Bb2 Bd6 7. Bd3 O-O 8. O-O b6 9. Nc3 Bb7 10. Qc2 Qe7 11. Rfe1 Rac8 12. e4 dxc4 13. Bxc4 b5 14. Bd3 e5 15. Ne2 g6 16. Ng3 a6 17. a4 Rfe8 18. Qc1 Qf8 19. dxe5 Nxe5 20. Nxe5 Bxe5 21. Bxe5 Rxe5 22. f4 Qc5+ 23. Qxc5 Rxc5 24. e5 Nd7 25. Ne4 Rd5 26. Be2 Rc7 27. Bg4 Kg7 28. Nd6 1-0

[Event "V Floripa Chess Open 2019"]
[Site "Florianopolis/SC"]
[Date "2019.01.26"]
[Round "9.5"]
[White "Languidey, Simon Alejandro"]
[Black "Cubas, Jose Fernando"]
[Result "0-1"]
[WhiteElo "2416"]
[BlackElo "2506"]
[Annotator "TA"]
[PlyCount "90"]
[EventDate "2019.01.21"]
[EventRounds "10"]
[EventCountry "BRA"]

1. e4 c5 2. Nc3 Nc6 3. g3 g6 4. Bg2 Bg7 5. d3 d6 6. Nge2 Rb8 7. Be3 b5 8. a3 a5 9. Qd2 b4 10. axb4 axb4 11. Nd1 Nd4 12. O-O e6 13. Nc1 Bd7 14. h3 Qb6 15. g4 h5 16. g5 Ne7 17. f4 O-O 18. c3 bxc3 19. bxc3 Ndc6 20. Bf2 e5 21. Kh1 Ra8 22. Rxa8 Rxa8 23. fxe5 Nxe5 24. Ne3 Qa6 25. Bg3 Bb5 26. Rd1 Rf8 27. d4 cxd4 28. cxd4 Nc4 29. Nxc4 Bxc4 30. Nd3 d5 31. Nc5 Qa3 32. Bd6 Re8 33. Re1 Nc8 34. Bf4 Nb6 35. Bc7 dxe4 36. Bxb6 e3 37. Qc2 Qb4 38. Qc1 Bxd4 39. Nd7 Bxb6 40. Nxb6 Qxb6 41. Qxc4 Qa5 42. Rf1 Re7 43. Bd5 e2 44. Rxf7 e1=Q+ 45. Rf1+ Kh7 0-1

[Event "V Floripa Chess Open 2019"]
[Site "Florianopolis/SC"]
[Date "2019.01.26"]
[Round "9.6"]
[White "Umetsubo, Cesar Hidemitsu"]
[Black "Perdomo, Leandro"]
[Result "1/2-1/2"]
[WhiteElo "2407"]
[BlackElo "2470"]
[PlyCount "89"]
[EventDate "2019.01.21"]
[EventRounds "10"]
[EventCountry "BRA"]

1. d4 Nf6 2. c4 g6 3. Nf3 Bg7 4. g3 O-O 5. Bg2 d6 6. O-O Nbd7 7. Nc3 e5 8. e4 c6 9. b3 Qb6 10. Bb2 exd4 11. Nxd4 Nc5 12. h3 Re8 13. Re1 a5 14. Nc2 Be6 15. Rb1 Nfd7 16. Ne3 Ne5 17. Bf1 f5 18. exf5 Bxf5 19. Nxf5 gxf5 20. Na4 Nxa4 21. bxa4 Qa7 22. Qh5 Rf8 23. Bc1 Rae8 24. Be3 Qb8 25. c5 d5 26. Bf4 Re7 27. Re3 Qe8 28. Qxe8 Rfxe8 29. Bg5 d4 30. Reb3 Rd7 31. f4 Nf7 32. Bc4 Kf8 33. Rxb7 Rxb7 34. Rxb7 Nxg5 35. fxg5 Re7 36. Rb6 Re1+ 37. Kf2 Rc1 38. Bb3 Be5 39. Rxc6 Rc3 40. g6 Bxg3+ 41. Kg2 hxg6 42. Rxg6 f4 43. c6 Ke7 44. Re6+ Kd8 45. Rd6+ 1/2-1/2

[Event "V Floripa Chess Open 2019"]
[Site "Florianopolis/SC"]
[Date "2019.01.26"]
[Round "9.7"]
[White "Matsuura, Everaldo"]
[Black "Coro, Lucas"]
[Result "1-0"]
[WhiteElo "2468"]
[BlackElo "2325"]
[Annotator "TA"]
[PlyCount "85"]
[EventDate "2019.01.21"]
[EventRounds "10"]
[EventCountry "BRA"]

1. e4 c5 2. c3 d6 3. d4 Nf6 4. Bd3 Qc7 5. Nf3 Bg4 6. O-O g6 7. Be3 Nfd7 8. Nbd2 Bg7 9. h3 Bxf3 10. Nxf3 O-O 11. Qd2 Nc6 12. Bh6 cxd4 13. Bxg7 Kxg7 14. cxd4 Qb6 15. Bc4 Rac8 16. Rac1 Na5 17. Be2 Nf6 18. Bd3 e6 19. d5 exd5 20. exd5 Nxd5 21. Bxg6 hxg6 22. Qxd5 Rxc1 23. Rxc1 Qxb2 24. Rc7 Qb1+ 25. Kh2 Qf5 26. Qxd6 Qf6 27. Qe5 Qxe5+ 28. Nxe5 Re8 29. f4 Kg8 30. Nxf7 Re2 31. h4 Kg7 32. Ne5+ Kf6 33. Rf7+ Ke6 34. Rg7 Kf5 35. Rf7+ Ke6 36. Rf8 Rxa2 37. Nxg6 Nc4 38. f5+ Kd5 39. Re8 Nd6 40. Rd8 Kc5 41. f6 Rf2 42. Ne5 Kd5 43. Ng4 1-0

[Event "V Floripa Chess Open 2019"]
[Site "Florianopolis/SC"]
[Date "2019.01.26"]
[Round "9.8"]
[White "De Vjunior, Liduino Furtado"]
[Black "Molina, Roberto Junio Brito"]
[Result "0-1"]
[WhiteElo "2052"]
[BlackElo "2458"]
[PlyCount "54"]
[EventDate "2019.01.21"]
[EventRounds "10"]
[EventCountry "BRA"]

1. e4 c5 2. Nf3 d6 3. d4 cxd4 4. Nxd4 Nf6 5. Nc3 a6 6. h3 e6 7. Be3 b5 8. g4 b4 9. g5 bxc3 10. gxf6 cxb2 11. Rb1 Qa5+ 12. Bd2 Qe5 13. Be3 Qxf6 14. Bg2 e5 15. Ne2 Be6 16. Rxb2 Nd7 17. Nc3 Qd8 18. Nd5 Be7 19. O-O O-O 20. Nxe7+ Qxe7 21. Qd2 Rac8 22. f4 exf4 23. Rxf4 Ne5 24. Bf1 Bc4 25. Bd3 d5 26. exd5 Qg5+ 27. Kf2 Bxd5 0-1

[Event "V Floripa Chess Open 2019"]
[Site "Florianopolis/SC"]
[Date "2019.01.26"]
[Round "9.9"]
[White "Proudian, Armen"]
[Black "Rangel, Daniel"]
[Result "0-1"]
[WhiteElo "2413"]
[BlackElo "2322"]
[PlyCount "96"]
[EventDate "2019.01.21"]
[EventRounds "10"]
[EventCountry "BRA"]

1. e4 c5 2. Nf3 g6 3. d4 cxd4 4. Nxd4 Bg7 5. Nc3 Nc6 6. Be3 Nf6 7. Bc4 O-O 8. Bb3 Re8 9. f3 e6 10. f4 d5 11. e5 Nd7 12. h4 Nxd4 13. Bxd4 f6 14. Qe2 fxe5 15. fxe5 Nb8 16. Nb5 Nc6 17. Bc3 Bh6 18. Rd1 Rf8 19. g3 Qe7 20. Nd6 a5 21. a4 b6 22. Rf1 Rxf1+ 23. Qxf1 Ba6 24. Qg2 Rf8 25. Rd3 Bxd3 26. cxd3 Nb4 27. Ke2 g5 28. d4 Qg7 29. Bxb4 axb4 30. Bxd5 exd5 31. Qxd5+ Kh8 32. hxg5 Bxg5 33. e6 Bf6 34. Nf7+ Kg8 35. Nh6+ Qxh6 36. e7+ Kh8 37. exf8=Q+ Qxf8 38. Kd3 Qd8 39. Qe4 Qg8 40. Qf4 Qb3+ 41. Ke4 Qe6+ 42. Kd3 Kg7 43. g4 Qb3+ 44. Ke4 Qxb2 45. Qc7+ Kg6 46. Qxb6 b3 47. Qa5 Qxd4+ 48. Kf3 Qc3+ 0-1

[Event "V Floripa Chess Open 2019"]
[Site "Florianopolis/SC"]
[Date "2019.01.26"]
[Round "9.10"]
[White "Rodriguez Vila, Andres"]
[Black "Bueno, Alfeu Junior Varela"]
[Result "1-0"]
[WhiteElo "2480"]
[BlackElo "2179"]
[PlyCount "54"]
[EventDate "2019.01.21"]
[EventRounds "10"]
[EventCountry "BRA"]

1. e4 e6 2. d4 d5 3. e5 c5 4. c3 Nc6 5. Nf3 Bd7 6. Bd3 Qb6 7. dxc5 Bxc5 8. O-O a5 9. Nbd2 a4 10. b4 axb3 11. Nxb3 Nge7 12. Qe2 Ng6 13. h4 Ra4 14. g3 O-O 15. h5 Nge7 16. Qc2 Rg4 17. Nxc5 Qxc5 18. Bxh7+ Kh8 19. Be3 Rxg3+ 20. fxg3 Qxe3+ 21. Kg2 Nxe5 22. Rae1 Ng4 23. Ne5 Ba4 24. Nxg4 Bxc2 25. Rxf7 Kxh7 26. Rxe3 Be4+ 27. Kg1 Nc6 1-0

[Event "V Floripa Chess Open 2019"]
[Site "Florianopolis/SC"]
[Date "2019.01.26"]
[Round "9.11"]
[White "Menna Barreto, Felipe Kubiaki"]
[Black "Borges, Wagner Da Silva"]
[Result "1-0"]
[WhiteElo "2389"]
[BlackElo "2156"]
[PlyCount "151"]
[EventDate "2019.01.21"]
[EventRounds "10"]
[EventCountry "BRA"]

1. d4 Nf6 2. Nf3 g6 3. Nbd2 Bg7 4. e4 d6 5. Bb5+ c6 6. Bd3 O-O 7. O-O Nbd7 8. Re1 e5 9. c3 Qe7 10. Nf1 b6 11. Ng3 Bb7 12. Bg5 Rfe8 13. Qd2 Qf8 14. h3 Rad8 15. Rad1 h6 16. Be3 Kh7 17. Qc2 Qe7 18. Bc1 Nf8 19. h4 Bc8 20. Nf1 Bg4 21. N1h2 Bh5 22. dxe5 dxe5 23. Be2 Qe6 24. b3 Ng4 25. Nf1 Nf6 26. Ng3 Bg4 27. Ba3 Nh5 28. Nxh5 Bxh5 29. Nh2 Bxe2 30. Qxe2 Qf6 31. h5 Ne6 32. g3 Rg8 33. Ng4 Qg5 34. hxg6+ fxg6 35. Bc1 Qe7 36. Kg2 Rxd1 37. Rxd1 Rd8 38. Rxd8 Qxd8 39. Qc4 Qc8 40. Nh2 Qd7 41. Be3 b5 42. Qe2 a6 43. Nf3 Qd6 44. Nh4 Bf6 45. Qg4 Nf8 46. Qc8 Bxh4 47. gxh4 Qe6 48. Qc7+ Qd7 49. Qxe5 Qg4+ 50. Qg3 Qxe4+ 51. Qf3 Qxf3+ 52. Kxf3 Nd7 53. Ke4 Kg7 54. c4 h5 55. cxb5 cxb5 56. Kd5 Nf6+ 57. Ke6 Ng4 58. Bd4+ Kh7 59. f4 Nh6 60. Kd5 Nf5 61. Bf2 Kg8 62. Kc5 Ne7 63. Kb6 Kf7 64. Kxa6 b4 65. Kb5 Nd5 66. Be1 Nxf4 67. Bxb4 g5 68. hxg5 h4 69. Bd6 Ne6 70. a4 Nxg5 71. a5 Ne4 72. Bb8 Ke6 73. a6 Nc3+ 74. Kc6 Nd5 75. a7 Ne7+ 76. Kb5 1-0

[Event "V Floripa Chess Open 2019"]
[Site "Florianopolis/SC"]
[Date "2019.01.26"]
[Round "9.12"]
[White "Souza, Adwilhans Luciano"]
[Black "Caldeira, Adriano"]
[Result "1/2-1/2"]
[WhiteElo "2368"]
[BlackElo "2157"]
[PlyCount "151"]
[EventDate "2019.01.21"]
[EventRounds "10"]
[EventCountry "BRA"]

1. e4 c5 2. Nf3 Nc6 3. d4 cxd4 4. Nxd4 g6 5. Nc3 Bg7 6. Be3 Nf6 7. Bc4 O-O 8. Bb3 d6 9. f3 Bd7 10. Qd2 Nxd4 11. Bxd4 b5 12. O-O a5 13. Nd5 Nxd5 14. Bxd5 Bxd4+ 15. Qxd4 Rc8 16. c3 Qc7 17. Rfd1 Rfd8 18. a3 Rb8 19. Bb3 Be8 20. h4 Rdc8 21. h5 Qc5 22. hxg6 hxg6 23. Kf2 Qxd4+ 24. Rxd4 Rc5 25. Re1 Kg7 26. f4 Kf6 27. Bd1 Rb6 28. Rd5 Rxd5 29. exd5 Rb7 30. Ke3 Rc7 31. Be2 Bd7 32. Bd3 Rb7 33. Kd4 Bf5 34. Be2 Bc2 35. b4 Ba4 36. Bd3 axb4 37. axb4 Rc7 38. Ra1 e5+ 39. dxe6 fxe6 40. c4 bxc4 41. Bxc4 e5+ 42. fxe5+ dxe5+ 43. Kd3 Bc6 44. g3 Kf5 45. Rf1+ Kg4 46. b5 Bf3 47. b6 Re7 48. Ke3 Bb7 49. Be2+ Kh3 50. Rc1 Re6 51. Rb1 Kxg3 52. Bd3 e4 53. Be2 Rc6 54. Rg1+ Kh2 55. Rb1 Kg2 56. Rb5 Kg3 57. Rb1 Kh4 58. Rb4 Rd6 59. Rb1 Kg5 60. Bf1 Kf5 61. Be2 Ke5 62. Rb5+ Ke6 63. Rb1 Rc6 64. Rg1 Kf6 65. Rb1 Ke6 66. Rg1 Ke7 67. Rb1 Kd6 68. Kd4 Rc2 69. Bc4 Rd2+ 70. Ke3 Rg2 71. Kd4 g5 72. Rf1 Rd2+ 73. Kc3 Rh2 74. Rf6+ Kc5 75. Rf5+ Kxb6 76. Rxg5 1/2-1/2

[Event "V Floripa Chess Open 2019"]
[Site "Florianopolis/SC"]
[Date "2019.01.26"]
[Round "9.13"]
[White "De Borba, Guilherme"]
[Black "Do Valle Cardoso, Lucas"]
[Result "1-0"]
[WhiteElo "2293"]
[BlackElo "2143"]
[PlyCount "75"]
[EventDate "2019.01.21"]
[EventRounds "10"]
[EventCountry "BRA"]

1. e4 e5 2. Nf3 Nc6 3. c3 d5 4. Qa4 f6 5. Bb5 Nge7 6. O-O Be6 7. exd5 Bxd5 8. d4 a6 9. Be2 exd4 10. cxd4 Qd7 11. Nc3 O-O-O 12. Nxd5 Nxd5 13. Rd1 Kb8 14. Bd2 Bd6 15. Qb3 Ka8 16. g3 Nce7 17. Rac1 h5 18. Bf1 g5 19. Bg2 c6 20. Ne1 h4 21. Nd3 hxg3 22. hxg3 Rdg8 23. Nc5 Bxc5 24. dxc5 f5 25. Bc3 Rh6 26. Be5 f4 27. Bd6 Rgh8 28. Be5 R8h7 29. Qd3 Rh2 30. Qe4 Qg4 31. Rd3 Qh5 32. Re1 Ng6 33. Bd6 Ka7 34. Kf1 Nf6 35. Qb4 Nd7 36. Re8 Rxg2 37. Qb6+ Nxb6 38. Bb8+ 1-0

[Event "V Floripa Chess Open 2019"]
[Site "Florianopolis/SC"]
[Date "2019.01.26"]
[Round "9.14"]
[White "Borges, Guilherme Deola"]
[Black "Guimaraes, Diogo Duarte"]
[Result "1/2-1/2"]
[WhiteElo "2171"]
[BlackElo "2278"]
[PlyCount "110"]
[EventDate "2019.01.21"]
[EventRounds "10"]
[EventCountry "BRA"]

1. d4 Nf6 2. c4 c6 3. Nc3 d5 4. cxd5 cxd5 5. Bf4 Nc6 6. e3 a6 7. Bd3 Bg4 8. Nge2 e6 9. f3 Bh5 10. O-O Be7 11. Rc1 O-O 12. Na4 Bg6 13. Bxg6 hxg6 14. Bg3 Bd6 15. Bxd6 Qxd6 16. Nc5 Rab8 17. Qd2 Rfc8 18. Rc2 Nd7 19. Rfc1 Nxc5 20. Rxc5 Ne7 21. Qb4 Rxc5 22. Qxc5 Qxc5 23. Rxc5 Rc8 24. Rxc8+ Nxc8 25. h4 Nd6 26. Kf2 Kf8 27. g4 Ke7 28. Nf4 Kd7 29. Ke2 Nc4 30. b3 Nb6 31. Nd3 Nc8 32. e4 dxe4 33. fxe4 Nd6 34. Ne5+ Ke8 35. Kd3 f5 36. exf5 gxf5 37. g5 Nc8 38. Kc4 b6 39. a4 Nd6+ 40. Kd3 Ke7 41. Nc4 Ne8 42. a5 bxa5 43. Nxa5 Kf7 44. Nc6 Kg6 45. Nd8 Kh5 46. Nxe6 Kxh4 47. Nxg7 Kxg5 48. Ne6+ Kg4 49. Nc5 a5 50. Nb7 f4 51. Nxa5 f3 52. Nc4 f2 53. Nd2 Kf4 54. Ke2 f1=Q+ 55. Kxf1 Ke3 1/2-1/2

[Event "V Floripa Chess Open 2019"]
[Site "Florianopolis/SC"]
[Date "2019.01.26"]
[Round "9.15"]
[White "De Lima, Alexsandro Barros"]
[Black "Pereira, Silvio Cunha"]
[Result "1-0"]
[WhiteElo "2168"]
[BlackElo "2258"]
[PlyCount "76"]
[EventDate "2019.01.21"]
[EventRounds "10"]
[EventCountry "BRA"]

1. e4 e5 2. Nf3 Nc6 3. Bb5 a6 4. Ba4 Nf6 5. d3 b5 6. Bb3 Be7 7. Nc3 O-O 8. O-O d6 9. Nd5 Be6 10. Bd2 Qd7 11. h3 Bd8 12. a4 Rb8 13. axb5 axb5 14. Bg5 Ne8 15. c3 h6 16. Bxd8 Nxd8 17. d4 f6 18. Nh4 c6 19. Ne3 Bxb3 20. Qxb3+ Qf7 21. d5 cxd5 22. exd5 Kh7 23. Qc2+ g6 24. f4 exf4 25. Rxf4 Rg8 26. Kh1 Qe7 27. Re4 Qf7 28. Re1 Rb7 29. Nef5 gxf5 30. Nxf5 Qxd5 31. Re7+ Kh8 32. Rxe8 Nc6 33. Nxh6 Rxe8 34. Rxe8+ Kg7 35. Rg8+ Qxg8 36. Nxg8 Ne5 37. Nxf6 Kxf6 38. g4 Nxg4 1-0

[Event "V Floripa Chess Open 2019"]
[Site "Florianopolis/SC"]
[Date "2019.01.26"]
[Round "9.16"]
[White "Teixeira, Ricardo Da Silva"]
[Black "Frois, Vitor Amorim"]
[Result "1/2-1/2"]
[WhiteElo "2228"]
[BlackElo "2109"]
[PlyCount "122"]
[EventDate "2019.01.21"]
[EventRounds "10"]
[EventCountry "BRA"]

1. Nf3 Nf6 2. c4 c5 3. Nc3 d5 4. cxd5 Nxd5 5. e4 Nb4 6. Bc4 Nd3+ 7. Ke2 Nf4+ 8. Kf1 Ne6 9. b4 g6 10. bxc5 Bg7 11. Bxe6 Bxe6 12. d4 O-O 13. Be3 Nc6 14. Rc1 Bc4+ 15. Ne2 Bxe2+ 16. Kxe2 Qa5 17. Qb3 Rad8 18. d5 Nb8 19. Rhd1 Nd7 20. Rd2 Qc7 21. c6 Nb6 22. Rdc2 bxc6 23. Rxc6 Qd7 24. h3 Rc8 25. Bxb6 axb6 26. Qxb6 Ra8 27. R1c2 Rfb8 28. Qc5 Ra4 29. Nd2 Bd4 30. Rc8+ Kg7 31. Qc6 Qxc6 32. R2xc6 Be5 33. Nc4 Rb1 34. f3 Bg3 35. Kd3 Rd1+ 36. Kc3 Be1+ 37. Nd2 Rxd2 38. Kb3 Rdd4 39. Rc4 Rdxc4 40. Rxc4 Rxc4 41. Kxc4 Kf6 42. Kb5 Ke5 43. Kc6 Bb4 44. a4 f5 45. exf5 gxf5 46. Kb5 Bc3 47. Kc6 f4 48. Kc5 Ba5 49. Kb5 Bd2 50. Kc5 h5 51. Kc6 Be1 52. h4 Kd4 53. d6 exd6 54. Kxd6 Bxh4 55. a5 Bd8 56. a6 Bb6 57. Ke6 Ke3 58. Kf5 Ba7 59. Kg5 Bb8 60. Kxh5 Kf2 61. Kg4 Kxg2 1/2-1/2

[Event "V Floripa Chess Open 2019"]
[Site "Florianopolis/SC"]
[Date "2019.01.26"]
[Round "9.17"]
[White "Luz, Arthur Nader"]
[Black "Librelato, Kathie Goulart"]
[Result "1-0"]
[WhiteElo "2154"]
[BlackElo "2187"]
[PlyCount "71"]
[EventDate "2019.01.21"]
[EventRounds "10"]
[EventCountry "BRA"]

1. d4 Nf6 2. c4 g6 3. Nc3 Bg7 4. e4 d6 5. f3 O-O 6. Be3 e5 7. Nge2 c6 8. Qd2 Nbd7 9. d5 cxd5 10. cxd5 a6 11. g4 b5 12. Ng3 Nb6 13. Be2 Bb7 14. b4 Rc8 15. a4 bxa4 16. Nxa4 Nfd7 17. Nb2 f5 18. gxf5 gxf5 19. Bg5 Qe8 20. Nxf5 Rxf5 21. exf5 e4 22. Rg1 Kh8 23. Bh6 Bf6 24. Ra3 Qe5 25. Nd1 Qxh2 26. Rf1 exf3 27. Raxf3 Bxd5 28. Qf4 Qh4+ 29. R3f2 Ne5 30. Ne3 Bf3 31. Kd2 Bxe2 32. Qxh4 Bxh4 33. Rxe2 Nec4+ 34. Nxc4 Nxc4+ 35. Kd1 Bf6 36. Re4 1-0

[Event "V Floripa Chess Open 2019"]
[Site "Florianopolis/SC"]
[Date "2019.01.26"]
[Round "9.18"]
[White "Rodrigues, Edgar"]
[Black "Heinechen, Juan"]
[Result "1-0"]
[WhiteElo "2312"]
[BlackElo "2105"]
[PlyCount "64"]
[EventDate "2019.01.21"]
[EventRounds "10"]
[EventCountry "BRA"]

1. e4 c5 2. Nf3 Nc6 3. d4 cxd4 4. Nxd4 e5 5. Nb5 d6 6. N1c3 a6 7. Na3 b5 8. Nd5 Nge7 9. Be3 Rb8 10. Be2 Ng6 11. O-O Nce7 12. Nb4 f5 13. exf5 Nh4 14. Bxb5+ axb5 15. Qh5+ g6 16. Qxh4 gxf5 17. Qh5+ Kd7 18. Rfd1 Ke6 19. Bg5 Qa5 20. Bxe7 Qxb4 21. Bxd6 Bxd6 22. Qh6+ Kd7 23. c3 Qc5 24. b4 Qc6 25. Qg7+ Ke6 26. Qxh8 Bb7 27. Rxd6+ Qxd6 28. Qxh7 Qd5 29. Qg6+ Ke7 30. Qg7+ Kd6 31. Rc1 Qd2 32. Nxb5+ Kc6 1-0

[Event "V Floripa Chess Open 2019"]
[Site "Florianopolis/SC"]
[Date "2019.01.26"]
[Round "9.19"]
[White "Diaz, Fernando"]
[Black "Menna Barreto, Luiz Ney"]
[Result "0-1"]
[WhiteElo "2095"]
[BlackElo "2327"]
[PlyCount "63"]
[EventDate "2019.01.21"]
[EventRounds "10"]
[EventCountry "BRA"]

1. d4 Nf6 2. c4 e6 3. Nc3 d5 4. cxd5 exd5 5. Nf3 c6 6. Qc2 g6 7. e3 Bf5 8. Bd3 Bxd3 9. Qxd3 Bg7 10. O-O O-O 11. b4 a6 12. a4 Nbd7 13. Nd2 b5 14. a5 Ne8 15. f3 f5 16. e4 dxe4 17. Qe3 Nb6 18. Ne2 Nd5 19. Qb3 Nd6 20. Bb2 Re8 21. Nf4 Nf7 22. fxe4 fxe4 23. Rae1 Qd6 24. Nxd5 Qxd5 25. Qc3 Nd6 26. Kh1 Nf5 27. Nb3 Rad8 28. Qc2 e3 29. Rf4 Qc4 30. Qd1 e2 31. Qd2 Qxb3 32. Rxe2 0-1